[Библиотечно-библиографическая классификация]. N°11: вып. 3 Б. Естественные науки в целом. В. Физико-математические науки. Разделы "В2 Механика", "В3 Физика" (Запись № 1606270)

Подробности
000 -МАРКЕР
контрольное поле 01339nam2a2200253 4500
001 - ИДЕНТИФИКАТОР ЗАПИСИ
контрольное поле RU\NLR\bibl\883603
005 - ИДЕНТИФИКАТОР ВЕРСИИ
контрольное поле 20250614165749.0
021 ## - НОМЕР ГОСУДАРСТВЕННОЙ РЕГИСТРАЦИИ
Код страны Российская Федерация
Номер 2005-70626
Номер Листа государственной регистраци 3477
035 ## - ДРУГИЕ СИСТЕМНЫЕ НОМЕРА
Идентификатор записи (NLR Aleph) 000872157
100 ## - ДАННЫЕ ОБЩЕЙ ОБРАБОТКИ
Данные общей обработки 20051205d2005 |||y0rusy50 ca
101 0# - ЯЗЫК РЕСУРСА
Язык текста, звукозаписи и т.д. русский
102 ## - СТРАНА ПУБЛИКАЦИИ ИЛИ ПРОИЗВОДСТВА
Страна публикации Российская Федерация
105 ## - ПОЛЕ КОДИРОВАННЫХ ДАННЫХ: ТЕКСТОВЫЕ МАТЕРИАЛЫ, МОНОГРАФИЧЕСКИЕ
Кодированные данные о монографическом текстовом документе y |||||||||
200 1# - ЗАГЛАВИЕ И СВЕДЕНИЯ ОБ ОТВЕТСТВЕННОСТИ
Основное заглавие вып. 3 Б. Естественные науки в целом. В. Физико-математические науки. Разделы "В2 Механика", "В3 Физика"
Первые сведения об ответственности [сост. Н.М. Вентцель, к.ф.-м.н.]
210 ## - ПУБЛИКАЦИЯ, РАСПРОСТРАНЕНИЕ И ДР.
Дата издания, распространения и т.д. 2005
Место издания, распространения и т.д. Б. м.
215 ## - ФИЗИЧЕСКАЯ ХАРАКТЕРИСТИКА
Специфическое обозначение материала и объем 50 с.
320 ## - ПРИМЕЧАНИЯ О НАЛИЧИИ В ДОКУМЕНТЕ БИБЛИОГРАФИИ / УКАЗАТЕЛЯ
Текст примечания Библиогр. в подстроч. прим.
320 ## - ПРИМЕЧАНИЯ О НАЛИЧИИ В ДОКУМЕНТЕ БИБЛИОГРАФИИ / УКАЗАТЕЛЯ
Текст примечания Алф.-предм. указ.: с. 14-24, 36-49
461 #0 - УРОВЕНЬ НАБОРА
Встроенное поле 001RU\NLR\bibl\95701
-- 2001#$a[Библиотечно-библиографическая классификация]$vN°11
Системный номер (АБИС) связанной записи 525627
Место публикации М.
Дата публикации 1998
Первые сведения об ответственности Рос. гос. б-ка и др.
Имя издателя, распространителя и т.д. РГБ
Сведения, относящиеся к заглавию Таблицы для научных библиотек : дополнения и исправления : инструктивно-методичесие рекомендации
Заглавие [Библиотечно-библиографическая классификация]
Номер тома N°11
801 #0 - ИСТОЧНИК ЗАПИСИ
Страна Российская Федерация
Организация NLR
Дата составления 20051205
Правила каталогизации rcr
801 #1 - ИСТОЧНИК ЗАПИСИ
Страна Российская Федерация
Организация NLR
Дата составления 20051205
942 ## - ДОПОЛНИТЕЛЬНЫЕ ЭЛЕМЕНТЫ ЗАПИСИ (АБИС)
Тип экземпляра АБИС Книга
980 ## - КОЛЛЕКЦИЯ
Название коллекции Национальная библиография
Экземпляры
Тип экземпляра Дата поступления Источник поступления Библиотека постоянного хранения Библиотека текущего хранения Место хранения Шифр хранения Штрих-код Статус экземпляра
Книга 05.12.2005 Обязательный экземпляр РНБ (Садовая) РНБ (Садовая) Фонд литературы по библиотековедению Б 7565/И-721 2069180  
Книга 05.12.2005 Обязательный экземпляр РНБ (Садовая) РНБ (Садовая) Фонд литературы по библиотековедению Б 7565/И-721 2069182